Pôvodná slovenská tvorba pre deti a mládež za rok ...

Bibliographic Details
Main Author: Klimková, Tatiana, 1958-
Other Authors: Babicová, Zuzana, 1964- (Compiler), Fényesová, Daniela (Compiler), Mencelová, Lenka (Compiler)
Format: Serial
Language:Slovak
PhysicalDescription:zv. 21-30 cm
Published: [Košice] Knižnica pre mládež mesta Košice
ISBN:9788089161102 (násuvná lišta : 2008)
9788089161133 (násuvná lišta : 2009)
9788089161157 (brož. : 2010)
9788089161195 (brož. : 2011)
9788089161287 (brož. : 2012)
9788089161324 (brož. : 2013)
9788089161393 (brož. : 2014)
9788089161447 (brož. : 2015)
9788089161508 (brož. : 2016)
9788089161553 (brož. : 2017)
Subjects:

MARC

LEADER 00000cas a2200000 a 4500
001 vtls010634068
003 SK-MaSNL
005 20260228161135.0
008 160606c19909999xo ar| b 0 b0slo
015 |a SNB2016-(r. 2007, r. 2008, r. 2009, r. 2010, r. 2011, r. 2012, r. 2013, r. 2014)  |a SNB2017-(r. 2000, r. 2001, r. 2004, r. 2005, r. 2006, r. 2015)  |a SNB2018-(r. 2016)  |a SNB2019-(r. 2017) 
015 |a SNBSAB2001  |a SNBSAB2002  |a SNBSAB2005  |a SNBSAB2006  |a SNBSAB2007  |a SNBSAB2008  |a SNBSAB2009  |a SNBSAB2010  |a SNBSAB2011  |a SNBSAB2012  |a SNBSAB2013  |a SNBSAB2014  |a SNBSAB2015  |a SNBSAB2016  |a SNBSAB2017  |a SNBSAB2018 
020 |a 9788089161102 (násuvná lišta : 2008) 
020 |a 9788089161133 (násuvná lišta : 2009) 
020 |a 9788089161157 (brož. : 2010) 
020 |a 9788089161195 (brož. : 2011) 
020 |a 9788089161287 (brož. : 2012) 
020 |a 9788089161324 (brož. : 2013) 
020 |a 9788089161393 (brož. : 2014) 
020 |a 9788089161447 (brož. : 2015) 
020 |a 9788089161508 (brož. : 2016) 
020 |a 9788089161553 (brož. : 2017) 
040 |a SAVUK  |b slo  |c SAVUK  |d SNK  |e AACR2 
041 |a slo 
044 |a xo  |c SK 
072 7 |a 821.162.4  |x Slovenská literatúra  |2 konspekt 
072 7 |a 01  |x Bibliografia. Katalógy  |2 konspekt 
080 |a 050  |2 2011 
080 |a 01:028.2/.8  |2 2001 
080 |a 821.162.4  |2 2011 
080 |a 82-93  |2 2011 
080 |a (01)  |2 2011 
080 |a (058)  |2 2011 
100 1 |a Klimková, Tatiana,  |d 1958-  |9 79991 
245 0 0 |a Pôvodná slovenská tvorba pre deti a mládež za rok ...  |c zostavila: Tatiana Klimková 
260 |a [Košice]  |b Knižnica pre mládež mesta Košice 
300 |a zv.  |c 21-30 cm 
310 |a 1x ročne 
362 0 |a [1990]- 
500 |a Názov z obalu 
500 |a Zostavila: 2001, Daniela Fényesová ; 2004, Zuzana Babicová ; 2005-2016, Tatiana Klimková ; 2017- , Lenka Mencelová 
500 |a Popis podľa r. 2005 /vydané v r. 2006/ 
500 |a Súčasťou názvu je označenie kalendárneho roku 
500 |a Od r. 2010 rozmer zv. 21 cm 
504 |a Autorský, názvový a predmetový register 
650 0 7 |a slovenská literatúra  |2 SNKPH  |9 1115 
650 0 7 |a literatúra pre deti a mládež  |2 SNKPH  |9 21893 
650 0 7 |a Slovak literature  |2 SNKPHeng  |9 265073 
650 0 7 |a Children’s and juvenile literature  |2 SNKPHeng  |9 266057 
655 7 |a odporúčajúce bibliografie  |2 SNKPH  |9 74934 
655 7 |a ročenky  |2 SNKPH  |9 57146 
655 7 |a Yearbooks  |2 SNKPHeng  |9 120938 
655 7 |a anotované bibliografie  |2 SNKPH  |9 268060 
655 7 |a Annotated bibliography  |2 SNKPHeng  |9 268061 
700 1 |a Babicová, Zuzana,  |d 1964-  |4 com  |9 9034 
700 1 |a Fényesová, Daniela  |4 com  |9 268062 
700 1 |a Mencelová, Lenka  |4 com  |9 268063 
910 |a snk 
919 |a 978-80-89161-10-2 
919 |a 978-80-89161-13-3 
919 |a 978-80-89161-15-7 
919 |a 978-80-89161-19-5 
919 |a 978-80-89161-28-7 
919 |a 978-80-89161-32-4 
919 |a 978-80-89161-39-3 
919 |a 978-80-89161-44-7 
919 |a 978-80-89161-50-8 
919 |a 978-80-89161-55-3 
958 |a SF 
999 |c 4465  |d 6395 
952 |0 0  |1 0  |4 0  |7 0  |8 0  |a SNK  |b SNK  |d 2019-01-22  |i snk2019/1699  |l 0  |o snkČSB 5574/2017  |p 17A1339810  |r 2026-02-21 21:49:23  |w 2026-02-21  |y PREZ 
952 |0 0  |1 0  |4 0  |7 0  |8 1  |a SNK  |b SNK  |d 2017-02-27  |i snk2017/5429  |l 0  |o snkČSB 5574/2000  |p 17A1205263  |r 2026-02-21 21:55:06  |w 2026-02-21  |y PREZ 
952 |0 0  |1 0  |4 0  |7 0  |8 1  |a SNK  |b SNK  |d 2017-02-27  |i snk2017/5430  |l 0  |o snkČSB 5574/2001  |p 17A1205264  |r 2026-02-21 21:55:06  |w 2026-02-21  |y PREZ 
952 |0 0  |1 0  |4 0  |7 0  |8 0  |a SNK  |b SNK  |d 2017-02-27  |i snk2017/5431  |l 0  |o snkČSB 5574/2001 D1  |p 17A1205265  |r 2026-02-21 21:55:06  |w 2026-02-21  |y PREZ 
952 |0 0  |1 0  |4 0  |7 0  |8 1  |a SNK  |b SNK  |d 2017-02-27  |i snk2017/5432  |l 0  |o snkČSB 5574/2006  |p 17A1205266  |r 2026-02-21 21:55:06  |w 2026-02-21  |y PREZ 
952 |0 0  |1 0  |4 0  |7 0  |8 0  |a SNK  |b SNK  |d 2017-02-27  |i snk2017/5433  |l 0  |o snkČSB 5574/2006 D1  |p 17A1205267  |r 2026-02-21 21:55:06  |w 2026-02-21  |y PREZ 
952 |0 0  |1 0  |4 0  |7 0  |8 0  |a SNK  |b SNK  |d 2017-02-27  |i snk2017/5434  |l 0  |o snkČSB 5574/2015  |p 17A1205268  |r 2026-02-21 21:55:06  |w 2026-02-21  |y PREZ 
952 |0 0  |1 0  |4 0  |7 0  |8 0  |a SNK  |b SNK  |d 2017-02-27  |i snk2017/5435  |l 0  |o snkČSB 5574/2015 D1  |p 17A1205269  |r 2026-02-21 21:55:06  |w 2026-02-21  |y PREZ 
952 |0 0  |1 0  |4 0  |7 0  |8 1  |a SNK  |b SNK  |d 2017-02-06  |i snk2017/1660  |l 0  |o snkČSB 5574/2004  |p 17A1204839  |r 2026-02-21 21:55:15  |w 2026-02-21  |y PREZ 
952 |0 0  |1 0  |4 0  |7 0  |8 1  |a SNK  |b SNK  |d 2017-02-06  |i snk2017/1720  |l 0  |o snkČSB 5574/2004 D1  |p 17A1204840  |r 2026-02-21 21:55:15  |w 2026-02-21  |y PREZ 
952 |0 0  |1 0  |4 0  |7 0  |8 1  |a SNK  |b SNK  |d 2017-02-06  |i snk2017/1733  |l 0  |o snkČSB 5574/2005  |p 17A1204841  |r 2026-02-21 21:55:15  |w 2026-02-21  |y PREZ 
952 |0 0  |1 0  |4 0  |7 0  |8 0  |a SNK  |b SNK  |d 2016-06-06  |i snk2016/14659  |l 0  |o snkČSB 5574/2011  |p 17A1102431  |r 2026-02-21 22:24:07  |w 2026-02-21  |y PREZ 
952 |0 0  |1 0  |4 0  |7 0  |8 0  |a SNK  |b SNK  |d 2016-06-06  |i snk2016/14663  |l 0  |o snkČSB 5574/2011 D1  |p 17A1099971  |r 2026-02-21 22:24:07  |w 2026-02-21  |y PREZ 
952 |0 0  |1 0  |4 0  |7 0  |8 0  |a SNK  |b SNK  |d 2016-06-06  |i snk2016/14666  |l 0  |o snkČSB 5574/2012  |p 17A1099972  |r 2026-02-21 22:24:07  |w 2026-02-21  |y PREZ 
952 |0 0  |1 0  |4 0  |7 0  |8 0  |a SNK  |b SNK  |d 2016-06-06  |i snk2016/14667  |l 0  |o snkČSB 5574/2012 D1  |p 17A1099973  |r 2026-02-21 22:24:07  |w 2026-02-21  |y PREZ 
952 |0 0  |1 0  |4 0  |7 0  |8 0  |a SNK  |b SNK  |d 2016-06-06  |i snk2016/14673  |l 0  |o snkČSB 5574/2013  |p 17A1099974  |r 2026-02-21 22:24:10  |w 2026-02-21  |y PREZ 
952 |0 0  |1 0  |4 0  |7 0  |8 0  |a SNK  |b SNK  |d 2016-06-06  |i snk2016/14674  |l 0  |o snkČSB 5574/2013 D1  |p 17A1099975  |r 2026-02-21 22:24:10  |w 2026-02-21  |y PREZ 
952 |0 0  |1 0  |4 0  |7 0  |8 0  |a SNK  |b SNK  |d 2016-06-06  |i snk2016/14676  |l 0  |o snkČSB 5574/2014  |p 17A1099976  |r 2026-02-21 22:24:10  |w 2026-02-21  |y PREZ 
952 |0 0  |1 0  |4 0  |7 0  |8 0  |a SNK  |b SNK  |d 2016-06-06  |i snk2016/14677  |l 0  |o snkČSB 5574/2014 D1  |p 17A1099977  |r 2026-02-21 22:24:10  |w 2026-02-21  |y PREZ 
952 |0 0  |1 0  |4 0  |7 0  |8 0  |a SNK  |b SNK  |d 2016-06-02  |i snk2016/14347  |l 0  |o snkČSB 5574/2007  |p 17A1099963  |r 2026-02-21 22:24:11  |w 2026-02-21  |y PREZ 
952 |0 0  |1 0  |4 0  |7 0  |8 0  |a SNK  |b SNK  |d 2016-06-02  |i snk2016/14349  |l 0  |o snkČSB 5574/2007 D1  |p 17A1099964  |r 2026-02-21 22:24:11  |w 2026-02-21  |y PREZ 
952 |0 0  |1 0  |4 0  |7 0  |8 0  |a SNK  |b SNK  |d 2016-06-02  |i snk2016/14359  |l 0  |o snkČSB 5574/2008  |p 17A1099965  |r 2026-02-21 22:24:11  |w 2026-02-21  |y PREZ 
952 |0 0  |1 0  |4 0  |7 0  |8 0  |a SNK  |b SNK  |d 2016-06-02  |i snk2016/14364  |l 0  |o snkČSB 5574/2008 D1  |p 17A1099966  |r 2026-02-21 22:24:11  |w 2026-02-21  |y PREZ 
952 |0 0  |1 0  |4 0  |7 0  |8 0  |a SNK  |b SNK  |d 2016-06-02  |i snk2016/14374  |l 0  |o snkČSB 5574/2009  |p 17A1099968  |r 2026-02-21 22:24:11  |w 2026-02-21  |y PREZ 
952 |0 0  |1 0  |4 0  |7 0  |8 0  |a SNK  |b SNK  |d 2016-06-02  |i snk2016/14377  |l 0  |o snkČSB 5574/2009 D1  |p 17A1099969  |r 2026-02-21 22:24:11  |w 2026-02-21  |y PREZ 
952 |0 0  |1 0  |4 0  |7 0  |8 0  |a SNK  |b SNK  |d 2016-06-02  |i snk2016/14380  |l 0  |o snkČSB 5574/2010  |p 17A1099967  |r 2026-02-21 22:24:11  |w 2026-02-21  |y PREZ 
952 |0 0  |1 0  |4 0  |7 0  |8 0  |a SNK  |b SNK  |d 2016-06-02  |i snk2016/14381  |l 0  |o snkČSB 5574/2010 D1  |p 17A1099970  |r 2026-02-21 22:24:11  |w 2026-02-21  |y PREZ 
952 |0 0  |1 0  |4 0  |7 0  |8 0  |a SNK  |b SNK  |d 2018-01-11  |i snk2018/773  |l 0  |o snkČSB 5574/2016  |p 17A1266647  |r 2026-02-21 22:26:03  |w 2026-02-21  |y PREZ 
952 |0 0  |1 0  |4 0  |7 0  |8 0  |a SNK  |b SNK  |d 2018-01-11  |i snk2018/774  |l 0  |o snkČSB 5574/2016 D1  |p 17A1266648  |r 2026-02-21 22:26:03  |w 2026-02-21  |y PREZ 
952 |0 0  |1 0  |4 0  |7 0  |8 0  |a SNK  |b SNK  |d 2019-01-22  |i snk2019/1700  |l 0  |o snkČSB 5574/2017 D1  |p 17A1339811  |r 2026-02-21 22:26:59  |w 2026-02-21  |y PREZ